Tìm hiểu những quy định liên quan đến thủ tục thành lập, hoạt động của các loại hình kinh tế

সংরক্ষণ করুন:
গ্রন্থ-পঞ্জীর বিবরন
প্রধান লেখক: Võ, Thành Vị
বিন্যাস: গ্রন্থ
ভাষা:Undetermined
প্রকাশিত: Đồng Nai Nxb. Đồng Nai 1996
বিষয়গুলি:
ট্যাগগুলো: ট্যাগ যুক্ত করুন
কোনো ট্যাগ নেই, প্রথমজন হিসাবে ট্যাগ করুন!
Thư viện lưu trữ: Trung tâm Học liệu Trường Đại học Cần Thơ
LEADER 00742nam a2200217Ia 4500
001 CTU_28335
008 210402s9999 xx 000 0 und d
020 |c 50000 
082 |a 346.597065 
082 |b V300 
100 |a Võ, Thành Vị 
245 0 |a Tìm hiểu những quy định liên quan đến thủ tục thành lập, hoạt động của các loại hình kinh tế 
245 0 |c Võ Thành Vị, Nguyễn Thiềng Đức, Nguyễn Trí Hòa 
260 |a Đồng Nai 
260 |b Nxb. Đồng Nai 
260 |c 1996 
650 |a Economics 
650 |x Law and legislation 
650 |z Vietnam 
904 |i Nguyên sửa 
980 |a Trung tâm Học liệu Trường Đại học Cần Thơ